[Event "POL-ch blind"]
[Site "Ustron"]
[Date "2019.03.16"]
[Round "7"]
[White "Hagner, Pawel"]
[Black "Ruszczycki, Jacek"]
[Result "1/2-1/2"]
[WhiteElo "1692"]
[BlackElo "1805"]
[PlyCount "22"]
[EventDate "2019.03.11"]
[EventType "swiss"]
[EventRounds "9"]
[EventCountry "POL"]
[SourceTitle "EXT 2020"]
[Source "ChessBase"]
[SourceDate "2019.10.17"]
[SourceVersion "1"]
[SourceVersionDate "2019.10.17"]
[SourceQuality "1"]

1. d4 d5 2. Nf3 f5 3. e3 e6 4. g3 Nf6 5. Bg2 Bd6 6. 0-0 0-0 7. c4 c6 8. Nc3 a6 9. cxd5 cxd5 10. a3 Nc6 11. b4 b6 1/2-1/2

[Event "POL-ch blind"]
[Site "Ustron"]
[Date "2019.03.11"]
[Round "1"]
[White "Jagiello, Adolf"]
[Black "Ruszczycki, Jacek"]
[Result "0-1"]
[WhiteElo "1243"]
[BlackElo "1805"]
[PlyCount "68"]
[EventDate "2019.03.11"]
[EventType "swiss"]
[EventRounds "9"]
[EventCountry "POL"]
[SourceTitle "EXT 2020"]
[Source "ChessBase"]
[SourceDate "2019.10.17"]
[SourceVersion "1"]
[SourceVersionDate "2019.10.17"]
[SourceQuality "1"]

1. d4 d5 2. Nc3 f5 3. Bf4 c6 4. e3 Nf6 5. Be2 Nbd7 6. h3 b5 7. b4 a5 8. a3 e6 9. Na2 axb4 10. f3 Rxa3 11. Kf2 Qa5 12. Bd3 Rxa2 13. Ne2 Be7 14. Bh2 0-0 15. Nf4 Kf7 16. g3 Bb7 17. Re1 Ra8 18. Rxa2 Qxa2 19. Ne2 Nb6 20. Nc1 Qb2 21. Re2 Ra1 22. Re1 Na4 23. f4 Nc3 24. Qd2 Nb1 25. Qe2 Nc3 26. Qf1 Nfe4+ 27. Kg2 Nd2 28. Qg1 c5 29. h4 c4 30. Nb3 Rxe1 31. Qxe1 Nxb3 32. Be2 Qxc2 33. Kh3 Qxe2 34. Qg1 Nd1 0-1

[Event "POL-chT blind"]
[Site "Wagrowiec"]
[Date "2017.10.20"]
[Round "7.5"]
[White "Ruszczycki, Jacek"]
[Black "Krynicki, Henryk"]
[Result "1-0"]
[WhiteElo "1915"]
[BlackElo "1715"]
[PlyCount "87"]
[EventDate "2017.10.14"]
[EventType "team-tourn"]
[EventRounds "9"]
[EventCountry "POL"]
[SourceTitle "EXT 2019"]
[Source "ChessBase"]
[SourceDate "2018.10.10"]
[SourceVersion "1"]
[SourceVersionDate "2018.10.10"]
[SourceQuality "1"]

1. e4 c5 2. f4 d5 3. exd5 Nf6 4. Nf3 Nxd5 5. Ne5 Nf6 6. Qf3 Qc7 7. Nc3 a6 8. Bc4 e6 9. 0-0 Bd6 10. Ng4 Nbd7 11. d3 0-0 12. Ne4 Nxg4 13. Qxg4 Re8 14. a4 Be7 15. Qg3 Nb6 16. Bd2 Qc6 17. Bc3 g6 18. Bb5 axb5 19. axb5 Qxb5 20. Rxa8 Nxa8 21. Bf6 c4 22. dxc4 Qf5 23. Bxe7 Rxe7 24. Qa3 Qxe4 25. Qxe7 Qd4+ 26. Kh1 Qxc4 27. Rd1 Nb6 28. Qd8+ Kg7 29. Qxb6 Qxf4 30. Qd4+ Qxd4 31. Rxd4 e5 32. Rd8 Bf5 33. c3 Be4 34. Kg1 Kf6 35. Kf2 Ke7 36. Rh8 h5 37. g3 f5 38. Ke3 Bc6 39. Rb8 g5 40. Rh8 f4+ 41. Kf2 e4 42. gxf4 gxf4 43. Rxh5 e3+ 44. Ke2 1-0

[Event "POL-chT blind"]
[Site "Wagrowiec"]
[Date "2016.11.19"]
[Round "9.9"]
[White "Kowalczyk, Marian"]
[Black "Ruszczycki, Jacek"]
[Result "0-1"]
[WhiteElo "1965"]
[BlackElo "1918"]
[PlyCount "97"]
[EventDate "2016.11.11"]
[EventType "team-tourn"]
[EventRounds "9"]
[EventCountry "POL"]
[SourceTitle "EXT 2019"]
[Source "ChessBase"]
[SourceDate "2018.10.10"]
[SourceVersion "1"]
[SourceVersionDate "2018.10.10"]
[SourceQuality "1"]

1. e4 c6 2. d4 d5 3. exd5 cxd5 4. Nf3 Nf6 5. c4 e6 6. Nc3 Bb4 7. Bd2 Nc6 8. a3 Bxc3 9. Bxc3 Ne4 10. Rc1 0-0 11. Bd3 f5 12. 0-0 Kh8 13. b4 Nxc3 14. Rxc3 Qf6 15. Be2 dxc4 16. b5 Ne7 17. Rxc4 Nd5 18. Qd2 Bd7 19. a4 Rfc8 20. Ne5 Be8 21. Rfc1 Qd8 22. Bf3 Rxc4 23. Rxc4 Nb6 24. Rc2 Qe7 25. a5 Nd5 26. Bxd5 exd5 27. Qe3 Qb4 28. g4 fxg4 29. a6 Qxb5 30. Qf4 Bg6 31. Nxg6+ hxg6 32. axb7 Qxb7 33. Re2 Qb1+ 34. Kg2 Qf5 35. Qg3 Rf8 36. Re5 Qc2 37. Qe3 Rf3 38. Re8+ Kh7 39. Qe1 Qd3 40. Re3 Rxe3 41. fxe3 Qe4+ 42. Kg1 g5 43. Kf2 Qf3+ 44. Kg1 Kh6 45. Qc3 Kh5 46. Qd3 g6 47. Qd2 Kh4 48. Qe1+ Kh3 49. Qd2 0-1

[Event "POL-chT blind"]
[Site "Wagrowiec"]
[Date "2016.11.17"]
[Round "7.13"]
[White "Traczyk, Tadeusz"]
[Black "Ruszczycki, Jacek"]
[Result "0-1"]
[WhiteElo "1857"]
[BlackElo "1918"]
[PlyCount "56"]
[EventDate "2016.11.11"]
[EventType "team-tourn"]
[EventRounds "9"]
[EventCountry "POL"]
[SourceTitle "EXT 2019"]
[Source "ChessBase"]
[SourceDate "2018.10.10"]
[SourceVersion "1"]
[SourceVersionDate "2018.10.10"]
[SourceQuality "1"]

1. e4 c6 2. d4 d5 3. exd5 cxd5 4. Bd3 Nc6 5. c3 Nf6 6. h3 h6 7. Nf3 e6 8. 0-0 Bd6 9. Re1 Qc7 10. Nbd2 0-0 11. b4 a6 12. a4 e5 13. dxe5 Nxe5 14. Qc2 Bd7 15. Nxe5 Bxe5 16. Bb2 Rfe8 17. Nf3 Bd6 18. a5 Rac8 19. Rac1 Rxe1+ 20. Nxe1 Nh5 21. Qd2 Bf4 22. Qd1 Bxc1 23. Qxc1 Re8 24. Nf3 Nf4 25. Bf1 Bb5 26. Bxb5 axb5 27. Nd4 Nd3 28. Nxb5 Qb8 0-1

[Event "POL-chT blind"]
[Site "Wagrowiec"]
[Date "2016.11.16"]
[Round "6.6"]
[White "Ruszczycki, Jacek"]
[Black "Dziobek, Jerzy"]
[Result "1-0"]
[WhiteElo "1918"]
[BlackElo "1750"]
[PlyCount "61"]
[EventDate "2016.11.11"]
[EventType "team-tourn"]
[EventRounds "9"]
[EventCountry "POL"]
[SourceTitle "EXT 2019"]
[Source "ChessBase"]
[SourceDate "2018.10.10"]
[SourceVersion "1"]
[SourceVersionDate "2018.10.10"]
[SourceQuality "1"]

1. e4 e5 2. Nc3 d6 3. Nf3 Nf6 4. d4 Nbd7 5. Bc4 h6 6. h3 Be7 7. Be3 a6 8. a3 0-0 9. Qd2 exd4 10. Nxd4 Ne5 11. Bb3 Kh7 12. f4 Ng6 13. 0-0-0 Bd7 14. g4 Ng8 15. Rdg1 Nh4 16. Rg3 g5 17. f5 c5 18. Nf3 Nxf3 19. Rxf3 Bc6 20. Bd5 Rc8 21. Rf2 b5 22. Bxc6 Rxc6 23. Nd5 f6 24. h4 Kg7 25. hxg5 fxg5 26. Rfh2 Bf6 27. Rh5 Kf7 28. Qh2 Bg7 29. Rxg5 Nf6 30. Rxg7+ Kxg7 31. Qxh6+ 1-0

[Event "Bydgoszcz blind op 43rd"]
[Site "Bydgoszcz"]
[Date "2014.03.20"]
[Round "8.10"]
[White "Ruszczycki, Jacek"]
[Black "Barnowski, Sylwester"]
[Result "1-0"]
[WhiteElo "1930"]
[BlackElo "1847"]
[PlyCount "83"]
[EventDate "2014.03.13"]
[EventType "swiss"]
[EventRounds "11"]
[EventCountry "POL"]
[SourceTitle "EXT 2023"]
[Source "ChessBase"]
[SourceDate "2022.10.05"]
[SourceVersion "1"]
[SourceVersionDate "2022.10.05"]
[SourceQuality "1"]

1. e4 Nf6 2. e5 Nd5 3. c4 Nb6 4. d4 d6 5. f4 dxe5 6. fxe5 Nc6 7. Be3 Bf5 8. Nc3 e6 9. Nf3 Be7 10. Be2 Nb4 11. Rc1 c5 12. a3 cxd4 13. Nxd4 Nc6 14. Nxf5 Qxd1+ 15. Rxd1 exf5 16. Bxb6 axb6 17. Nd5 Bd8 18. 0-0 g6 19. Nf6+ Bxf6 20. exf6 Rd8 21. Bf3 0-0 22. Rfe1 Na5 23. Bd5 Rd7 24. b4 Nc6 25. Bxc6 Rxd1 26. Rxd1 bxc6 27. Rd7 b5 28. cxb5 cxb5 29. Rb7 h5 30. Rxb5 Rc8 31. a4 Rc1+ 32. Kf2 Kh7 33. a5 Ra1 34. Rb6 g5 35. a6 Ra2+ 36. Kf3 Ra3+ 37. Ke2 Ra2+ 38. Ke1 Kg6 39. Rd6 Rxg2 40. Rd5 Rxh2 41. a7 Ra2 42. Ra5 1-0

[Event "Krynica-ch sf blind"]
[Site "Krynica"]
[Date "2013.03.14"]
[Round "5.6"]
[White "Ruszczycki, Jacek"]
[Black "Przewoznik, Emil"]
[Result "1-0"]
[WhiteElo "1916"]
[BlackElo "1963"]
[PlyCount "53"]
[EventDate "2013.03.14"]
[EventType "swiss"]
[EventRounds "9"]
[EventCountry "POL"]
[SourceTitle "EXT 2023"]
[Source "ChessBase"]
[SourceDate "2022.10.05"]
[SourceVersion "1"]
[SourceVersionDate "2022.10.05"]
[SourceQuality "1"]

1. e4 c5 2. f4 e6 3. d4 cxd4 4. Nf3 Bb4+ 5. Bd2 Qb6 6. Bd3 Nc6 7. 0-0 Bxd2 8. Nbxd2 Qxb2 9. Nc4 Qb4 10. e5 Qe7 11. Nd6+ Kf8 12. Ng5 Nh6 13. Qh5 Nd8 14. g4 f6 15. Nxh7+ Kg8 16. Qg6 f5 17. gxf5 exf5 18. Nf6+ Kf8 19. Nd5 Qe6 20. Bxf5 Nxf5 21. Qxf5+ Qxf5 22. Nxf5 Ne6 23. Nd6 g6 24. Rf3 Kg7 25. Rg3 Rh5 26. f5 Nf8 27. Ne7 1-0

[Event "Krynica-ch sf blind"]
[Site "Krynica"]
[Date "2013.03.14"]
[Round "3.6"]
[White "Ruszczycki, Jacek"]
[Black "Traczyk, Tadeusz"]
[Result "1/2-1/2"]
[WhiteElo "1916"]
[BlackElo "1872"]
[PlyCount "47"]
[EventDate "2013.03.14"]
[EventType "swiss"]
[EventRounds "9"]
[EventCountry "POL"]
[SourceTitle "EXT 2023"]
[Source "ChessBase"]
[SourceDate "2022.10.05"]
[SourceVersion "1"]
[SourceVersionDate "2022.10.05"]
[SourceQuality "1"]

1. e4 c5 2. f4 e5 3. d3 d6 4. Nf3 Nc6 5. Nc3 Nf6 6. Be2 Be7 7. 0-0 0-0 8. f5 h6 9. Qe1 Kh8 10. Kh1 Nd4 11. Bd1 Bd7 12. Rg1 b5 13. g4 b4 14. Nb1 Nxf3 15. Bxf3 Nh7 16. a3 a5 17. c3 bxc3 18. bxc3 Bc6 19. c4 Ng5 20. Bxg5 Bxg5 21. Nc3 Rb8 22. Rb1 Rxb1 23. Qxb1 Qc7 24. Qc2 1/2-1/2

[Event "Krynica-ch sf blind"]
[Site "Krynica"]
[Date "2013.03.14"]
[Round "9.2"]
[White "Wojcieszyn, Zdzislaw"]
[Black "Ruszczycki, Jacek"]
[Result "1/2-1/2"]
[WhiteElo "1981"]
[BlackElo "1916"]
[PlyCount "20"]
[EventDate "2013.03.14"]
[EventType "swiss"]
[EventRounds "9"]
[EventCountry "POL"]
[SourceTitle "EXT 2023"]
[Source "ChessBase"]
[SourceDate "2022.10.05"]
[SourceVersion "1"]
[SourceVersionDate "2022.10.05"]
[SourceQuality "1"]

1. c4 g6 2. Nc3 c5 3. g3 Bg7 4. Bg2 Nf6 5. d3 d6 6. Nf3 Nc6 7. 0-0 0-0 8. e4 e5 9. Ne1 Bd7 10. Bd2 Qc8 1/2-1/2

[Event "Warsaw Cross-ch"]
[Site "Warsaw"]
[Date "2012.04.25"]
[Round "6"]
[White "Dukaczewski, Piotr"]
[Black "Ruszczycki, Jacek"]
[Result "1-0"]
[WhiteElo "2310"]
[BlackElo "1901"]
[PlyCount "27"]
[EventDate "2012.04.20"]
[EventType "tourn"]
[EventRounds "11"]
[EventCountry "POL"]
[SourceTitle "EXT 2014"]
[Source "ChessBase"]
[SourceDate "2013.11.20"]
[SourceVersion "1"]
[SourceVersionDate "2013.11.20"]
[SourceQuality "1"]

1. e4 c6 2. c4 d5 3. exd5 cxd5 4. cxd5 Qxd5 5. Nc3 Qd6 6. d4 Nf6 7. Bc4 a6 8. Nf3 b5 9. Bb3 Bb7 10. Be3 Nbd7 11. 0-0 g6 12. Re1 Bg7 13. Qe2 Rd8 14. Bf4 1-0

[Event "Krynica Cross-ch sf"]
[Site "Krynica"]
[Date "2012.03.??"]
[Round "2"]
[White "Czajkowski, Adam"]
[Black "Ruszczycki, Jacek"]
[Result "0-1"]
[WhiteElo "1867"]
[BlackElo "1901"]
[PlyCount "98"]
[EventDate "2012.03.??"]
[EventType "swiss"]
[EventRounds "9"]
[EventCountry "POL"]
[SourceTitle "EXT 2014"]
[Source "ChessBase"]
[SourceDate "2013.11.20"]
[SourceVersion "1"]
[SourceVersionDate "2013.11.20"]
[SourceQuality "1"]

1. e4 c6 2. d4 d5 3. Nc3 dxe4 4. Nxe4 Nd7 5. Nf3 Ngf6 6. Nxf6+ Nxf6 7. Ne5 e6 8. Be3 Qb6 9. Nc4 Qc7 10. Be2 Be7 11. Qd2 Nd5 12. 0-0 0-0 13. Ne5 f6 14. Nf3 Bd6 15. c4 Nf4 16. Bd1 Ng6 17. Bc2 Qf7 18. Rad1 Rd8 19. Qc3 b6 20. c5 Bc7 21. cxb6 axb6 22. Bb3 Re8 23. Rd2 Kh8 24. Rc1 Re7 25. Qxc6 Bb7 26. Bxe6 Bxh2+ 27. Nxh2 Rxe6 28. Qc4 Rc8 29. Qxc8+ Bxc8 30. Rxc8+ Re8 31. Rxe8+ Qxe8 32. Nf3 Qc8 33. d5 b5 34. d6 Nf8 35. Nd4 Qc5 36. Nb3 Qf5 37. Nc5 Nd7 38. Nxd7 Qxd7 39. b4 Kg8 40. Bc5 Kf7 41. Re2 Qg4 42. f3 Qc4 43. Re7+ Kg6 44. Kf2 Qxa2+ 45. Kg3 h5 46. d7 h4+ 47. Kh3 Qd2 48. Kxh4 Qxg2 49. d8Q Qh2+ 0-1

[Event "Krynica Cross-ch sf"]
[Site "Krynica"]
[Date "2012.03.??"]
[Round "4"]
[White "Falkowski, Dawid"]
[Black "Ruszczycki, Jacek"]
[Result "0-1"]
[WhiteElo "2005"]
[BlackElo "1901"]
[PlyCount "90"]
[EventDate "2012.03.??"]
[EventType "swiss"]
[EventRounds "9"]
[EventCountry "POL"]
[SourceTitle "EXT 2014"]
[Source "ChessBase"]
[SourceDate "2013.11.20"]
[SourceVersion "1"]
[SourceVersionDate "2013.11.20"]
[SourceQuality "1"]

1. e4 c6 2. c4 d5 3. cxd5 cxd5 4. exd5 Nf6 5. Nc3 Nxd5 6. Bc4 Nf6 7. Nf3 Nc6 8. 0-0 Bg4 9. Qb3 e6 10. Ng5 Qd7 11. Qa4 Be7 12. d4 h6 13. Nge4 0-0 14. Be3 a6 15. Nxf6+ Bxf6 16. d5 Ne5 17. Qxd7 Nxd7 18. dxe6 Bxe6 19. Bxe6 fxe6 20. Rad1 Rfd8 21. Ne4 Rac8 22. Rd6 Kf7 23. Rfd1 Ke7 24. Nxf6 Nxf6 25. Rxd8 Rxd8 26. Rxd8 Kxd8 27. Kf1 Nd5 28. Bd4 g6 29. Ke2 Kd7 30. Be5 Kc6 31. g4 b5 32. h4 h5 33. f3 Kc5 34. Kd2 a5 35. Bg7 a4 36. Kd3 Nb4+ 37. Ke4 Nxa2 38. Ke5 b4 39. Kxe6 Kc4 40. Kf6 Nc3 41. Kxg6 a3 42. bxa3 b3 43. gxh5 b2 44. h6 b1Q+ 45. Kf7 Qh7 0-1

[Event "Krynica Cross-ch sf"]
[Site "Krynica"]
[Date "2012.03.??"]
[Round "3"]
[White "Ruszczycki, Jacek"]
[Black "Przewoznik, Emil"]
[Result "1-0"]
[WhiteElo "1901"]
[BlackElo "2012"]
[PlyCount "69"]
[EventDate "2012.03.??"]
[EventType "swiss"]
[EventRounds "9"]
[EventCountry "POL"]
[SourceTitle "EXT 2014"]
[Source "ChessBase"]
[SourceDate "2013.11.20"]
[SourceVersion "1"]
[SourceVersionDate "2013.11.20"]
[SourceQuality "1"]

1. e4 c5 2. f4 e5 3. d3 d5 4. exd5 Qxd5 5. Nc3 Qe6 6. Be2 Bd7 7. Nf3 exf4 8. Bxf4 Be7 9. Qd2 Bf6 10. h3 Ne7 11. Ne4 0-0 12. Nxc5 Qd5 13. d4 Bc6 14. c4 Qf5 15. g4 Qc8 16. g5 Bxf3 17. Bxf3 Bxd4 18. Qxd4 Rd8 19. Qf2 Nbc6 20. Bg4 Nf5 21. 0-0 b6 22. Nb3 Nce7 23. Rac1 Qa6 24. Be5 g6 25. Nd2 Rd3 26. Ne4 Rad8 27. Rfd1 Qxa2 28. Rxd3 Rxd3 29. Qc2 Rd8 30. Rd1 Rc8 31. Qd3 Nc6 32. Bxf5 gxf5 33. Qd7 Nxe5 34. Qxc8+ Kg7 35. Qxf5 1-0

[Event "POL-chT blind Gp-A"]
[Site "Mielno"]
[Date "2011.04.01"]
[Round "8.11"]
[White "Ruszczycki, Jacek"]
[Black "Pawelec, Bartosz"]
[Result "1-0"]
[WhiteElo "1959"]
[BlackElo "2044"]
[PlyCount "81"]
[EventDate "2011.03.27"]
[EventType "team-tourn"]
[EventRounds "10"]
[EventCountry "POL"]
[SourceTitle "EXT 2019"]
[Source "ChessBase"]
[SourceDate "2018.10.10"]
[SourceVersion "1"]
[SourceVersionDate "2018.10.10"]
[SourceQuality "1"]

1. e4 c6 2. d4 d5 3. f3 e6 4. Be3 dxe4 5. fxe4 Qh4+ 6. g3 Qxe4 7. Qe2 Nf6 8. Bg2 Qf5 9. Nf3 Qb5 10. c4 Qa5+ 11. Bd2 Qb6 12. Bf4 Bb4+ 13. Nc3 0-0 14. 0-0 c5 15. dxc5 Bxc5+ 16. Kh1 Bd7 17. Ne5 Be8 18. Bg5 Nbd7 19. Na4 Qc7 20. Nxd7 Nxd7 21. Nxc5 Qxc5 22. Be3 Qc7 23. Rf4 e5 24. Rh4 f6 25. Bd5+ Kh8 26. Qg4 g5 27. Rh6 Nb6 28. Be4 Bc6 29. Rf1 Qd7 30. Qf3 Nxc4 31. Bxc6 Qxc6 32. Qxc6 bxc6 33. Bc5 Kg7 34. Bxf8+ Rxf8 35. Rh3 g4 36. Rh4 f5 37. Rc1 Ne3 38. Rxc6 Rf7 39. Rch6 Kh8 40. Re6 Rc7 41. Kg1 1-0

[Event "POL-chT blind Gp-A"]
[Site "Mielno"]
[Date "2011.03.30"]
[Round "5.11"]
[White "Ruszczycki, Jacek"]
[Black "Iwancio, Lukasz"]
[Result "1-0"]
[WhiteElo "1959"]
[BlackElo "2017"]
[PlyCount "56"]
[EventDate "2011.03.27"]
[EventType "team-tourn"]
[EventRounds "10"]
[EventCountry "POL"]
[SourceTitle "EXT 2019"]
[Source "ChessBase"]
[SourceDate "2018.10.10"]
[SourceVersion "1"]
[SourceVersionDate "2018.10.10"]
[SourceQuality "1"]

1. e4 e5 2. Nf3 Nc6 3. d4 exd4 4. Bc4 Bb4+ 5. c3 dxc3 6. Nxc3 d6 7. 0-0 Bxc3 8. bxc3 Nf6 9. Ba3 Bg4 10. Qb3 0-0 11. Ng5 Bh5 12. Bd3 Ne5 13. Bc2 Be2 14. Rfe1 Bc4 15. Qb1 Nh5 16. Bc1 Qf6 17. Be3 h6 18. Qd1 Qg6 19. Nf3 Be6 20. Nd4 Bh3 21. g3 c5 22. Nf3 Bg4 23. Nxe5 dxe5 24. f3 Rad8 25. Qe2 Be6 26. Bxc5 Rfe8 27. Kh1 b6 28. Be3 Re7 1-0

[Event "POL-chT blind Gp-A"]
[Site "Mielno"]
[Date "2011.03.27"]
[Round "1.15"]
[White "Stachanczyk, Jacek"]
[Black "Ruszczycki, Jacek"]
[Result "1-0"]
[WhiteElo "2298"]
[BlackElo "1959"]
[PlyCount "49"]
[EventDate "2011.03.27"]
[EventType "team-tourn"]
[EventRounds "10"]
[EventCountry "POL"]
[SourceTitle "EXT 2019"]
[Source "ChessBase"]
[SourceDate "2018.10.10"]
[SourceVersion "1"]
[SourceVersionDate "2018.10.10"]
[SourceQuality "1"]

1. e4 c6 2. d4 d5 3. Nc3 dxe4 4. Nxe4 Nd7 5. Nf3 Ngf6 6. Ng3 e6 7. Bc4 Bd6 8. 0-0 Qc7 9. Qe2 0-0 10. Re1 Re8 11. Ne5 Nf8 12. Bg5 N8d7 13. Nh5 g6 14. Nxf7 Bxh2+ 15. Kh1 Nb6 16. Nh6+ Kh8 17. Nf5 Nxc4 18. Qxc4 Qa5 19. Nhg7 Rf8 20. Kxh2 exf5 21. Ne8 Qd5 22. Qxd5 cxd5 23. Nc7 Rb8 24. Nxd5 Kg7 25. Bf4 1-0

[Event "POL-ch sf blind"]
[Site "Zawoja Osrodek"]
[Date "2010.04.15"]
[Round "8.5"]
[White "Gosek, Zenon"]
[Black "Ruszczycki, Jacek"]
[Result "1/2-1/2"]
[WhiteElo "2049"]
[BlackElo "2018"]
[PlyCount "73"]
[EventDate "2010.04.08"]
[EventType "swiss"]
[EventRounds "9"]
[EventCountry "POL"]
[SourceTitle "EXT 2023"]
[Source "ChessBase"]
[SourceDate "2022.10.05"]
[SourceVersion "1"]
[SourceVersionDate "2022.10.05"]
[SourceQuality "1"]

1. d4 d5 2. Nf3 e6 3. g3 c6 4. Bg2 Nd7 5. 0-0 Bd6 6. b3 b6 7. c4 Bb7 8. Qc2 Ngf6 9. Bb2 0-0 10. Ne5 Bxe5 11. dxe5 Ng4 12. e4 Qg5 13. exd5 cxd5 14. h4 Qd8 15. Qe2 Nh6 16. Rd1 Rc8 17. cxd5 exd5 18. Bxd5 Bxd5 19. Rxd5 Qc7 20. Nc3 Rfe8 21. Nb5 Qc2 22. Rd2 Qf5 23. Nd6 Qh3 24. Qf1 Qg4 25. Nxc8 Rxc8 26. Rad1 Rc7 27. Qb5 Nf8 28. Rd8 Rc8 29. Ba3 Nf5 30. Bxf8 h6 31. Ba3+ Kh7 32. Qa4 Qh3 33. Qe4 g6 34. Qg2 Qg4 35. R8d7 Kg7 36. e6 g5 37. exf7 1/2-1/2

[Event "POL-ch sf blind"]
[Site "Zawoja Osrodek"]
[Date "2010.04.12"]
[Round "4.8"]
[White "Ruszczycki, Jacek"]
[Black "Hagner, Pawel"]
[Result "1/2-1/2"]
[WhiteElo "2018"]
[BlackElo "1872"]
[PlyCount "63"]
[EventDate "2010.04.08"]
[EventType "swiss"]
[EventRounds "9"]
[EventCountry "POL"]
[SourceTitle "EXT 2023"]
[Source "ChessBase"]
[SourceDate "2022.10.05"]
[SourceVersion "1"]
[SourceVersionDate "2022.10.05"]
[SourceQuality "1"]

1. e4 g6 2. d4 Bg7 3. f4 c6 4. Nf3 d5 5. e5 h5 6. Bd3 Nh6 7. Be3 Bg4 8. Nbd2 e6 9. c3 Nd7 10. Qc2 Bf5 11. Ng5 Qb6 12. Bxf5 Nxf5 13. Bf2 Qa5 14. a4 Qc7 15. b4 a5 16. 0-0 0-0 17. Ndf3 Nb6 18. h3 Nc4 19. Qd3 Qe7 20. Nd2 Nxd2 21. Qxd2 axb4 22. cxb4 b6 23. Rfc1 Rfc8 24. Rc2 Bf8 25. Be1 Qa7 26. g4 Ng7 27. Qd3 c5 28. Rg2 cxd4 29. Nf3 Qd7 30. b5 Rc4 31. Rga2 Qc7 32. Kh2 1/2-1/2

[Event "POL-chT blind"]
[Site "Mielno"]
[Date "2010.03.26"]
[Round "9.6"]
[White "Traczyk, Tadeusz"]
[Black "Ruszczycki, Jacek"]
[Result "1-0"]
[WhiteElo "1896"]
[BlackElo "2018"]
[PlyCount "69"]
[EventDate "2010.03.21"]
[EventType "team-tourn"]
[EventRounds "10"]
[EventCountry "POL"]
[SourceTitle "EXT 2011"]
[Source "ChessBase"]
[SourceDate "2010.11.26"]
[SourceVersion "1"]
[SourceVersionDate "2010.11.26"]
[SourceQuality "1"]

1. e4 c6 2. d4 d5 3. exd5 cxd5 4. c4 Nc6 5. Nc3 e6 6. cxd5 exd5 7. Nf3 Nge7 8. Bf4 a6 9. Be2 Ng6 10. Be3 Qd6 11. 0-0 Be6 12. a3 Be7 13. Bd3 Nf4 14. Bb1 b5 15. Qc2 g6 16. Bxf4 Qxf4 17. Nxb5 Rc8 18. Nc3 0-0 19. Qc1 Qg4 20. Qe3 Bf6 21. h3 Qh5 22. Bd3 g5 23. Bxa6 Rce8 24. Ne5 Bxe5 25. dxe5 g4 26. hxg4 Bxg4 27. Nxd5 f5 28. f4 Re6 29. Bc4 Kh8 30. Qc5 Rc8 31. Nf6 Rxf6 32. exf6 Qg6 33. f7 Kg7 34. Bd5 h5 35. f8Q+ 1-0

[Event "POL-chT blind"]
[Site "Mielno"]
[Date "2010.03.21"]
[Round "1.1"]
[White "Ruszczycki, Jacek"]
[Black "Zapasnik, Henryk"]
[Result "1-0"]
[WhiteElo "2018"]
[BlackElo "1746"]
[PlyCount "69"]
[EventDate "2010.03.21"]
[EventType "team-tourn"]
[EventRounds "10"]
[EventCountry "POL"]
[SourceTitle "EXT 2011"]
[Source "ChessBase"]
[SourceDate "2010.11.26"]
[SourceVersion "1"]
[SourceVersionDate "2010.11.26"]
[SourceQuality "1"]

1. e4 e6 2. c4 b6 3. d4 Bb7 4. d5 g6 5. Nf3 Bg7 6. Nc3 e5 7. Be3 d6 8. Qd2 Nd7 9. Bd3 Ngf6 10. h3 Nc5 11. Bc2 Ba6 12. g4 h6 13. g5 Ng8 14. 0-0-0 Bc8 15. Rdg1 h5 16. b4 Nb7 17. Ne1 Bd7 18. Nd3 Ne7 19. f4 exf4 20. Nxf4 0-0 21. Bd4 c5 22. Bf6 Kh7 23. Qe2 Qe8 24. Nxh5 gxh5 25. Qxh5+ Kg8 26. e5 Ng6 27. Ne4 Nf4 28. Qh4 Ng6 29. Qh5 Nf4 30. Qf3 dxe5 31. h4 Ba4 32. Bxg7 Kxg7 33. Nf6 Qd8 34. Qe4 Ne6 35. Qh7# 1-0